000 00907cab a2200265 4500
001 ABS58012
008 090401t1997 xxu||||| |||| 00| 0 eng d
035 _a(Sirsi) u82852
041 _aeng
100 _aWilliams, D.
245 _aWise men wise up
260 _c1997
350 _a0
490 _aEstates Gazette
_v(9751) 20 december 1997, 65-67(3)
520 _aReviews case law over the past twelve months that has centred around the scope and jurisdiction of the Arbitration Act 1996, accounting for issues of misconduct, remission and appeal.
650 _aARBITRATION ACT 1996
650 _aARBITRATION CLAUSES
650 _aDISPUTE RESOLUTION
_96236
650 _aJURISDICTION
650 _aMISCONDUCT
650 _aREMISSION
690 _aMANAGEMENT-DISPUTE AVOIDANCE, MANAGEMENT AND RESOLUTION-DISPUTE MANAGEMENT AND RESOLUTION-ARBITRATION
942 _n0
948 _c22/12/1997
999 _c52324
_d52324